Un cuarto independiente : drama en tres actos /

Diego Figueroa (1916-1956), abogado, escritor y director escénico jalisciense. Nació en Guadalajara. Premio Jalisco en 1950. Autor de la novela "1929"; y de las piezas teatrales: Los poseídos, El pasajero olvidó algo, El primer caudillo, La dama era federal (Premio INBA), Un cuardo independiente, Lo...

Celý popis

Uloženo v:
Podrobná bibliografie
Hlavní autor: Figueroa Macías, Diego (autor)
Médium: Kniha
Jazyk:španělština
Edice:(Premio Jalisco ; 1950)
Témata:
Tagy: Přidat tag
Žádné tagy, Buďte první, kdo vytvoří štítek k tomuto záznamu!

MARC

LEADER 00000nam^a2200000^a^4500
001 000128671
005 20250521000000.0
009 20260526123502.966
037 |a Acervo ITESO - Biblioteca 
041 |a ESP 
082 |a 862.  |b FIG 
100 |a Figueroa Macías, Diego  |e (autor) 
245 1 3 |a Un cuarto independiente :  |b drama en tres actos /  |c D. Figueroa Macías. 
264 |a Guadalajara, México :  |b Gobierno del Estado de Jalisco,  |c 1951 
300 |a 106 p. 
336 |a texto  |b txt  |2 rdacontenido 
337 |a sin mediación  |b n  |2 rdamedio 
338 |a volumen  |b nc  |2 rdasoporte 
440 1 |a (Premio Jalisco ;  |v 1950) 
520 |a Diego Figueroa (1916-1956), abogado, escritor y director escénico jalisciense. Nació en Guadalajara. Premio Jalisco en 1950. Autor de la novela "1929"; y de las piezas teatrales: Los poseídos, El pasajero olvidó algo, El primer caudillo, La dama era federal (Premio INBA), Un cuardo independiente, Los personajes se odian, Joven en el círculo, El fígaro, La resitencia, El lazo roto, Pueblo adentro y La otra cara de la luna. 
649 |a XX 
650 |a Teatro Jalisciense 
650 |a Teatro Mexicano 
650 |a Literatura Jalisciense -  |y Siglo XX 
650 |a Literatura Mexicana -  |y Siglo XX 
910 |a Fondo Salvador Reynoso Reynoso 
920 |a Impresos - Libros 
930 |a Fondos Especiales 
940 |a Literatura 
905 |a 112 
901 |a 0800010544  |b IT2  |c ESP  |u 20250521 
902 |a https://opac.biblio.iteso.mx/vufind/Record/000128671